| 000 | 01083nam a22003737a 4500 | ||
|---|---|---|---|
| 001 | BR2010002555 | ||
| 003 | BR-BrBNA | ||
| 005 | 20230928103324.0 | ||
| 007 | ta | ||
| 008 | 230509b bl.||||| |||| 00| 0 por d | ||
| 040 |
_aBR-BrBNA _bpor _cBiblioteca Nacional de Agricultura |
||
| 041 | _a(Por) | ||
| 072 |
_aL51; Q54 _b6100 _b5300 |
||
| 090 | _ 6100 BR2010002555 | ||
| 100 | 1 | _aRostagno, H.S. | |
| 100 | 1 | _aAlbino, L.F.T. | |
| 100 | 1 | _aDonzele, J.L. | |
| 100 | 1 | _aGomes, P.C. | |
| 100 | 1 | _aFerreira, A.S. | |
| 100 | 1 | _aOliveira, R.F. de | |
| 100 | 1 | _aLopes, D.C. | |
| 110 | 1 |
_aUniversidade Federal de Viçosa, MG (Brasil). Depto. de Zootecnia _910993 |
|
| 245 | 1 | _aTabelas brasileiras para aves e suínos; composição de alimentos e exigências nutricionais | |
| 260 | 3 |
_aviçosa, MG (Brasil): _c2000. |
|
| 300 | _a141 p. | ||
| 500 | _a57 tables | ||
| 650 | _aFRANGO | ||
| 650 | _aSUÍNO | ||
| 650 | _aNUTRIÇÃO ANIMAL | ||
| 650 | _aEXIGÊNCIA NUTRICIONAL | ||
| 650 | _aFISIOLOGIA NUTRICIONAL | ||
| 909 |
_a202309 _bLucia _c55 _dLucia Elande |
||
| 942 | _cBK | ||
| 999 |
_c74603 _d74603 |
||